Catálogo
 En Linea

Esta es mala suerte / (Registro nro. 39820)

Detalles MARC
000 -CABECERA
campo de control de longitud fija 00671nam a2200205 a 4500
001 - NÚMERO DE CONTROL
campo de control 000040330
005 - FECHA Y HORA DE LA ÚLTIMA TRANSACCIÓN
campo de control 20201002034049.0
008 - DATOS DE LONGITUD FIJA--INFORMACIÓN GENERAL
campo de control de longitud fija 130821s2005 mx 000 0 spa d
020 ## - NÚMERO INTERNACIONAL ESTÁNDAR DEL LIBRO
Número Internacional Estándar del Libro 9703220320
040 ## - FUENTE DE LA CATALOGACIÓN
Centro catalogador/agencia de origen DO-SdBNP
Lengua de catalogación spa
Centro/agencia transcriptor BNPHU
100 1# - ENTRADA PRINCIPAL--NOMBRE DE PERSONA
Nombre de persona Yáñez, Agustín,
Fechas asociadas al nombre 1904-1980
9 (RLIN) 24436
245 13 - MENCIÓN DE TÍTULO
Título Esta es mala suerte /
Mención de responsabilidad, etc. Agustín Yañez ; Viñetas de Alberto Beltrán.
260 ## - PUBLICACIÓN, DISTRIBUCIÓN, ETC.
Lugar de publicación, distribución, etc. México :
Nombre del editor, distribuidor, etc. Universidad Nacional Autónoma de México,
Fecha de publicación, distribución, etc. 2005.
300 ## - DESCRIPCIÓN FÍSICA
Extensión 30 p. ;
Dimensiones 21 cm.
490 1# - MENCIÓN DE SERIE
Mención de serie Lunes
Designación de volumen o secuencia 10
533 ## - NOTA DE REPRODUCCIÓN
Tipo de reproducción Facsímil:
Lugar de la reproducción México
Fecha de la reproducción 1945
700 1# - PUNTO DE ACCESO ADICIONAL--NOMBRE DE PERSONA
Nombre de persona Beltrán Alberto
9 (RLIN) 66625
712 0# -
-- Universidad Nacional Autónoma de México
830 #0 - PUNTO DE ACCESO ADICIONAL DE SERIE-TÍTULO UNIFORME
Título uniforme Lunes
Designación de volumen o secuencia 10
9 (RLIN) 66616
Existencias
Estado de retiro Estado de pérdida Restricciones de uso No para préstamo Código de colección Localización permanente Ubicación/localización actual Ubicación en estantería Fecha de adquisición Número de inventario Total de préstamos Signatura topográfica completa Código de barras Fecha visto por última vez Precio válido a partir de Tipo de ítem Koha Número de copia
      Excluido de préstamo Monografías: Libros y Folletos General General En catalogación 21.08.2013 LF1   40330-10 25.06.2020 25.06.2020 No se presta  
      Excluido de préstamo Monografías: Libros y Folletos General General En catalogación 21.08.2013 LF1   40330-20 25.06.2020 25.06.2020 No se presta e. 2

Con tecnología Koha